| 000 | 00366nam a2200145Ia 4500 | ||
|---|---|---|---|
| 008 | 230917s9999||||xx |||||||||||||| ||und|| | ||
| 040 |
_e185333 _aMAIN |
||
| 041 | _aEnglish | ||
| 082 | _a327.51 K837C | ||
| 100 | _aKondapalli, Srikanth | ||
| 245 | 0 | _aChina and its neighbours | |
| 260 |
_aNew Delhi _bPentagon Press _c2010 |
||
| 300 | _axiii, 288 p. | ||
| 942 | _cBK | ||
| 999 |
_c162036 _d162036 |
||